00391nam a22001457a 450000500170000000800410001702200130005804100130007108200130008410000130009724500310011026000460014130000320018765000260021920240719142545.0240719b |||||||| |||| 00| 0 eng d a00382396 aEnglish  a349 SOU  lEnglish  aSouth African Law Reports  aCape Town: bJuta and Company Ltd, c1996 bcxix, 1227 pages; c26 cm.  aLegal practice bLaw